[Event "London SCCU op"]
[Site "London"]
[Date "1995.08.??"]
[Round "5"]
[White "Singh, Rahul"]
[Black "Hassabis, George"]
[Result "0-1"]
[WhiteElo "1416"]
[BlackElo "1648"]
[PlyCount "50"]
[EventDate "1995.08.14"]
[EventType "swiss"]
[EventRounds "9"]
[EventCountry "ENG"]
[SourceTitle "EXT 1999"]
[Source "ChessBase"]
[SourceDate "1998.11.16"]
[SourceVersion "1"]
[SourceVersionDate "1998.11.16"]
[SourceQuality "1"]

1. e4 c5 2. Nf3 Nc6 3. d4 cxd4 4. Nxd4 e5 5. Nb3 d6 6. Nc3 Nf6 7. f3 Be7 8. Nd5 Be6 9. Nxe7 Qxe7 10. Be3 0-0 11. Qd2 Rfd8 12. 0-0-0 a5 13. Bb6 Rd7 14. Nxa5 Nxa5 15. Bxa5 b6 16. Bxb6 Rxa2 17. b3 d5 18. Qe2 Qa3+ 19. Kd2 Qb4+ 20. Kc1 Qxb6 21. exd5 Ra1+ 22. Kb2 Rxd1 23. Qxd1 Rxd5 24. Qa1 Qd4+ 25. Kc1 Qxa1# 0-1